| 000 | 00845 a2200217 4500 | ||
|---|---|---|---|
| 001 | 63999 | ||
| 005 | 20260521160828.0 | ||
| 008 | 260521a1979 arg spa d | ||
| 003 | AR-UNSa-BCEJYS | ||
| 040 |
_aAR-UNSa-BCEJYS _bspa _cAR-UNSa-BCEJYS |
||
| 080 |
_a658.5 _xPlanificación y control de la producción |
||
| 245 | 1 | 0 | _aLa producción y su estructura |
| 020 | _a978-84-234-0245-8 | ||
| 264 | 1 |
_aBilbao : _bEdiciones Deusto _c1979 |
|
| 300 |
_axviii, 341 p. _c24 cm. |
||
| 505 | _a1. Primera Parte: Concepto general y principales tipos de producción - Segunda Parte: La empresa y la producción - Tercera Parte: Análisis e inventario de los actos de producción - Cuarta Parte: La estructura de la producción - | ||
| 041 | _aspa | ||
| 942 | _cBK | ||
| 590 | _aniveau_biblio:m niveau_hierar:0 | ||
| 100 | 1 | _aArjona Ciria, Antonio | |
| 999 |
_c36477 _d36477 |
||